[Event "18PCRE_F"]
[Site "?"]
[Date "2008.??.??"]
[Round "?"]
[White "Juhasz, Jozef"]
[Black "Prchly, Milos"]
[Result "1-0"]
[WhiteElo "2209"]
[BlackElo "2263"]
[PlyCount "125"]
[EventDate "2008.??.??"]
[EventType "corr"]

1. e4 c5 2. Nf3 d6 3. d4 cxd4 4. Nxd4 Nf6 5. Nc3 g6 6. f4 Nc6 7. Bb5 Bd7 8. Be2
Qb6 9. Be3 Bg7 10. O-O O-O 11. Qd3 Qxb2 12. Rab1 Qa3 13. Rxb7 Nb4 14. Qd2 Rfb8
15. Rxb8+ Rxb8 16. Rb1 Na6 17. Rb3 Rxb3 18. cxb3 Nb4 19. h3 Qa5 20. Bc4 Nc6 21.
Nde2 h5 22. Qc1 Qc7 23. Bf2 Qb7 24. Qd1 a6 25. Kh2 Na5 26. Bd3 Be6 27. f5 gxf5
28. exf5 Bd7 29. Nf4 Kf8 30. Qe2 Nc6 31. Bxa6 Qa8 32. Ncd5 Nxd5 33. Nxd5 Bxf5
34. a4 Be5+ 35. Kh1 e6 36. Nb6 Qa7 37. Qc4 Kg7 38. Bb5 Ne7 39. b4 Qb7 40. a5
Bxh3 41. Qf1 Qe4 42. a6 Bf5 43. Nc4 Bd4 44. Nxd6 Qf4 45. Bxd4+ Qxd4 46. Qe1 Kf8
47. Nxf5 Nxf5 48. Bc6 Ke7 49. b5 Nd6 50. Kh2 Nf5 51. g3 Qc5 52. Qd2 Nd4 53. Qf2
f5 54. Qa2 Nxc6 55. bxc6 h4 56. a7 hxg3+ 57. Kh3 f4 58. a8=Q Qf5+ 59. Kh4 Qh7+
60. Kg4 Qf5+ 61. Kf3 Qd3+ 62. Kxf4 Qd4+ 63. Kxg3 1-0

[Event "18PCRE_F"]
[Site "?"]
[Date "2008.??.??"]
[Round "?"]
[White "Juhasz, Jozef"]
[Black "Ryska, Jiri"]
[Result "1/2-1/2"]
[WhiteElo "2209"]
[BlackElo "2073"]
[PlyCount "91"]
[EventDate "2008.??.??"]
[EventType "corr"]

1. e4 e5 2. Nf3 Nc6 3. Bb5 a6 4. Ba4 Nf6 5. O-O Be7 6. Nc3 b5 7. Bb3 O-O 8. d3
d6 9. Nd5 Na5 10. Nxe7+ Qxe7 11. Qe2 Nxb3 12. axb3 Bg4 13. Bd2 Rfe8 14. h3 Bc8
15. b4 Bb7 16. Rfe1 Nd7 17. Nh2 f5 18. exf5 Qf7 19. Qg4 Rf8 20. Nf1 Qxf5 21.
Qxf5 Rxf5 22. Ng3 Rff8 23. h4 Nb8 24. h5 Nc6 25. h6 Nd4 26. Rac1 Rf7 27. Ne4
Nf5 28. f3 Nxh6 29. Bxh6 gxh6 30. Kf2 Rg7 31. Ra1 Rg6 32. Rh1 Kf7 33. Rh3 Rag8
34. g4 Rf8 35. Ke3 Ke7 36. Ke2 Kf7 37. Ng3 Ke7 38. Nf5+ Ke8 39. Rah1 Bc8 40.
Ne3 Rf4 41. Rxh6 Bb7 42. R6h3 Rgf6 43. Rf1 Rxb4 44. Rxh7 Rf7 45. Rh8+ Rf8 46.
Rh7 1/2-1/2

[Event "18PCRE_F"]
[Site "?"]
[Date "2008.??.??"]
[Round "?"]
[White "Juhasz, Jozef"]
[Black "Splichal, Josef"]
[Result "1/2-1/2"]
[WhiteElo "2209"]
[BlackElo "2140"]
[PlyCount "101"]
[EventDate "2008.??.??"]
[EventType "corr"]

1. d4 Nf6 2. Nf3 e6 3. c4 b6 4. e3 Bb7 5. Bd3 Bb4+ 6. Nc3 Ne4 7. O-O Nxc3 8.
bxc3 Bxc3 9. Rb1 d6 10. Qc2 Bxf3 11. gxf3 Ba5 12. Kh1 g6 13. Ba3 a6 14. Be4 c6
15. f4 d5 16. cxd5 cxd5 17. Bd3 f5 18. Rbc1 Ra7 19. Rg1 Kf7 20. Rg3 Nd7 21. Qb2
b5 22. Bd6 Nb6 23. Be5 Rg8 24. Rh3 h5 25. Rg1 Qf8 26. Qe2 Qh6 27. Rhg3 Nc4 28.
a4 h4 29. R3g2 Bc7 30. Qa2 Bxe5 31. fxe5 Rc7 32. axb5 axb5 33. h3 Rb8 34. Be2
Rcb7 35. Rg5 Qh7 36. R1g2 b4 37. Bxc4 dxc4 38. Qxc4 b3 39. Rg1 b2 40. Rb1 Rb6
41. Kh2 Qg7 42. f4 Rb4 43. Qc6 R4b6 44. Qg2 Rb5 45. Qf2 Rb3 46. Rg2 Qh7 47. Qc2
Kf8 48. Qc4 Qf7 49. Qf1 Qh7 50. Qg1 Kf7 51. Qe1 1/2-1/2

[Event "18PCRE_F"]
[Site "?"]
[Date "2008.??.??"]
[Round "?"]
[White "Kudr, Roman"]
[Black "Juhasz, Jozef"]
[Result "1-0"]
[WhiteElo "2182"]
[BlackElo "2209"]
[PlyCount "79"]
[EventDate "2008.??.??"]
[EventType "corr"]

1. e4 e5 2. Nf3 Nc6 3. Bb5 a6 4. Ba4 Nf6 5. O-O Be7 6. Re1 b5 7. Bb3 d6 8. a4
Bg4 9. c3 O-O 10. h3 Bh5 11. d3 Na5 12. Ba2 Qd7 13. b4 Nb7 14. d4 exd4 15. e5
dxc3 16. e6 Qe8 17. Nxc3 fxe6 18. Bxe6+ Kh8 19. g4 Bg6 20. Nd5 Rb8 21. Nxc7 Qc6
22. Nd5 Nxd5 23. Bxd5 Qc7 24. axb5 axb5 25. Bb2 Bf6 26. Bxf6 Rxf6 27. Qd4 Bf7
28. Rec1 Qd7 29. Qa7 Rf8 30. Qxb7 Qxb7 31. Bxb7 Rf4 32. Ra8 Rxa8 33. Bxa8 g6
34. Ng5 Bc4 35. Re1 Kg7 36. Re4 Rxe4 37. Nxe4 d5 38. Nd2 Kf6 39. Nxc4 dxc4 40.
f4 1-0

[Event "18PCRE_F"]
[Site "?"]
[Date "2008.??.??"]
[Round "?"]
[White "Kudr, Roman"]
[Black "Kyhos, Alois"]
[Result "1/2-1/2"]
[WhiteElo "2182"]
[BlackElo "2121"]
[PlyCount "63"]
[EventDate "2008.??.??"]
[EventType "corr"]

1. e4 e5 2. Nf3 Nc6 3. Bb5 a6 4. Ba4 Nf6 5. O-O Nxe4 6. d4 b5 7. Bb3 d5 8. dxe5
Be6 9. Nbd2 Nc5 10. c3 d4 11. Bxe6 Nxe6 12. cxd4 Ncxd4 13. a4 Be7 14. Nxd4 Nxd4
15. Nb3 Ne6 16. Qf3 O-O 17. Be3 c5 18. Rad1 Qb6 19. Rd7 bxa4 20. Rb7 Qd8 21.
Rd1 Qe8 22. Na5 Rb8 23. Rdd7 Bg5 24. Nc4 Rxb7 25. Qxb7 Bxe3 26. fxe3 Ng5 27. h4
Qe6 28. Nd2 Qxe5 29. hxg5 Qxe3+ 30. Kh2 Qe5+ 31. Kg1 Qe3+ 32. Kh2 1/2-1/2

[Event "18PCRE_F"]
[Site "?"]
[Date "2008.??.??"]
[Round "?"]
[White "Kudr, Roman"]
[Black "Pirhala, Ladislav"]
[Result "1/2-1/2"]
[WhiteElo "2182"]
[BlackElo "2176"]
[PlyCount "49"]
[EventDate "2008.??.??"]
[EventType "corr"]

1. e4 c6 2. d4 d5 3. exd5 cxd5 4. Bd3 Nc6 5. c3 Nf6 6. Nf3 Bg4 7. O-O e6 8. h3
Bxf3 9. Qxf3 h6 10. Nd2 Bd6 11. Qe2 O-O 12. Nf3 Nd7 13. Re1 a6 14. Bd2 Re8 15.
Rad1 Rc8 16. b3 Qa5 17. Bb1 Nf6 18. Ne5 Bxe5 19. dxe5 Ne4 20. b4 Qa3 21. Bxe4
dxe4 22. Bxh6 Qxc3 23. Qg4 Qxe5 24. Rxe4 Qf6 25. Bg5 1/2-1/2

[Event "18PCRE_F"]
[Site "?"]
[Date "2008.??.??"]
[Round "?"]
[White "Kudr, Roman"]
[Black "Prchly, Milos"]
[Result "1/2-1/2"]
[WhiteElo "2182"]
[BlackElo "2263"]
[PlyCount "103"]
[EventDate "2008.??.??"]
[EventType "corr"]

1. e4 c5 2. Nf3 d6 3. d4 cxd4 4. Nxd4 Nf6 5. Nc3 g6 6. Be2 Bg7 7. O-O O-O 8.
Be3 Nc6 9. f3 d5 10. Nxc6 bxc6 11. e5 Ne8 12. f4 f6 13. exf6 Bxf6 14. Na4 Nd6
15. c3 Nf5 16. Bc5 Re8 17. Bd3 e5 18. fxe5 Bxe5 19. g3 Nd6 20. Bd4 Bh3 21. Rf2
Bxd4 22. cxd4 Qe7 23. Nc5 Qe3 24. Nb3 Re7 25. Qd2 Rae8 26. Bf1 Qxd2 27. Rxd2
Bxf1 28. Rxf1 Nc4 29. Rdf2 Re2 30. Nc5 Rxb2 31. Rxb2 Nxb2 32. Rf6 Rc8 33. Rd6
Nc4 34. Rd7 a5 35. Ne6 Re8 36. Rd8 Kf7 37. Ng5+ Ke7 38. Rxe8+ Kxe8 39. Nxh7 Ne3
40. Ng5 Nc2 41. Nf3 a4 42. Ne5 Nxd4 43. Nxg6 Ne2+ 44. Kf2 Nc3 45. Ne5 c5 46. a3
Ke7 47. Nd3 c4 48. Nb2 Kd6 49. Kf3 Ke5 50. h4 Nb1 51. Nxa4 Nxa3 52. h5 1/2-1/2

[Event "18PCRE_F"]
[Site "?"]
[Date "2008.??.??"]
[Round "?"]
[White "Kudr, Roman"]
[Black "Ryska, Jiri"]
[Result "1/2-1/2"]
[WhiteElo "2182"]
[BlackElo "2073"]
[PlyCount "67"]
[EventDate "2008.??.??"]
[EventType "corr"]

1. e4 e5 2. Nf3 Nc6 3. Bb5 a6 4. Ba4 Nf6 5. O-O Be7 6. Re1 b5 7. Bb3 d6 8. c3
O-O 9. h3 Nb8 10. d4 Nbd7 11. Nbd2 Bb7 12. Bc2 Re8 13. Nf1 d5 14. exd5 exd4 15.
Nxd4 Nxd5 16. Ne3 N7f6 17. Nef5 Bf8 18. a4 Rxe1+ 19. Qxe1 b4 20. c4 Ne7 21.
Nxe7+ Bxe7 22. Nb3 a5 23. Bf4 Qd7 24. f3 Bc6 25. Qe3 Bd6 26. Bxd6 cxd6 27. Nd4
Re8 28. Qf2 Qc7 29. Rd1 Bd7 30. Nb5 Bxb5 31. cxb5 d5 32. Bb3 Qd6 33. Qd4 h6 34.
Bc4 1/2-1/2

[Event "18PCRE_F"]
[Site "?"]
[Date "2008.??.??"]
[Round "?"]
[White "Kudr, Roman"]
[Black "Splichal, Josef"]
[Result "1/2-1/2"]
[WhiteElo "2182"]
[BlackElo "2140"]
[PlyCount "53"]
[EventDate "2008.??.??"]
[EventType "corr"]

1. e4 e5 2. Nf3 Nc6 3. Bb5 Nf6 4. O-O Nxe4 5. d4 Nd6 6. Bxc6 dxc6 7. dxe5 Nf5
8. Qxd8+ Kxd8 9. Nc3 h6 10. Rd1+ Ke8 11. h3 Be6 12. g4 Ne7 13. Nd4 Rd8 14. Kg2
Bc8 15. Bf4 Ng6 16. Bg3 h5 17. Nf5 Rxd1 18. Rxd1 hxg4 19. hxg4 Be6 20. b3 Rh7
21. a4 a6 22. Rd3 Bb4 23. Ne4 Bd5 24. Kf3 Nf8 25. Ne3 Bxe4+ 26. Kxe4 Ne6 27.
Rd1 1/2-1/2

[Event "18PCRE_F"]
[Site "?"]
[Date "2008.??.??"]
[Round "?"]
[White "Kyhos, Alois"]
[Black "Bultman, Milan"]
[Result "1/2-1/2"]
[WhiteElo "2121"]
[BlackElo "2193"]
[PlyCount "56"]
[EventDate "2008.??.??"]
[EventType "corr"]

1. e4 c5 2. c3 Nf6 3. e5 Nd5 4. d4 cxd4 5. Nf3 Nc6 6. Bc4 Nb6 7. Bb3 d5 8. exd6
Qxd6 9. O-O Be6 10. Bxe6 Qxe6 11. Re1 Qd7 12. Nxd4 e5 13. Nd2 f6 14. Nxc6 Qxc6
15. Nb3 Qc7 16. Qg4 Kf7 17. Be3 Rd8 18. Rad1 Be7 19. f4 Rxd1 20. Rxd1 Qc4 21.
Qg3 exf4 22. Bxf4 Rd8 23. Rxd8 Bxd8 24. Qf3 Qd5 25. Kf2 Qxf3+ 26. Kxf3 Na4 27.
Bc1 f5 28. Nd4 Kf6 1/2-1/2

[Event "18PCRE_F"]
[Site "?"]
[Date "2008.??.??"]
[Round "?"]
[White "Kyhos, Alois"]
[Black "Canibal, Jaromir"]
[Result "1-0"]
[WhiteElo "2121"]
[BlackElo "2236"]
[PlyCount "71"]
[EventDate "2008.??.??"]
[EventType "corr"]

1. e4 e5 2. Nf3 Nf6 3. Nxe5 d6 4. Nf3 Nxe4 5. d4 d5 6. Bd3 Nc6 7. O-O Be7 8. c4
Nf6 9. Nc3 Be6 10. cxd5 Nxd5 11. Re1 O-O 12. a3 Bf6 13. Be4 h6 14. Bc2 Nde7 15.
Be3 Nf5 16. Ne2 Re8 17. Rc1 Qd7 18. Qd3 Rad8 19. Nf4 Bxd4 20. Nxe6 fxe6 21. Qe4
Bxb2 22. Rb1 Bc3 23. Rec1 Qc8 24. g4 Nxe3 25. fxe3 Kf8 26. h4 Rd5 27. Bb3 Bf6
28. Rf1 Na5 29. Ba2 c5 30. g5 hxg5 31. hxg5 c4 32. gxf6 gxf6 33. Kf2 Ke7 34.
Rfc1 Qd8 35. Bxc4 Nxc4 36. Rxc4 1-0

[Event "18PCRE_F"]
[Site "?"]
[Date "2008.??.??"]
[Round "?"]
[White "Kyhos, Alois"]
[Black "Cvak, Rudolf"]
[Result "1-0"]
[WhiteElo "2121"]
[BlackElo "2264"]
[PlyCount "75"]
[EventDate "2008.??.??"]
[EventType "corr"]

1. e4 e5 2. Nf3 Nc6 3. Bb5 a6 4. Ba4 Nf6 5. O-O Be7 6. Re1 b5 7. Bb3 O-O 8. c3
d6 9. h3 Na5 10. Bc2 d5 11. exd5 e4 12. Bxe4 Nxe4 13. Rxe4 Bb7 14. d4 Re8 15.
Bf4 Nc4 16. b3 Nb6 17. Qd3 Nxd5 18. Bg3 f5 19. Re5 f4 20. Bh4 Bxh4 21. Rxe8+
Qxe8 22. Nxh4 Qe1+ 23. Qf1 Qe7 24. Nf3 c5 25. a4 bxa4 26. bxa4 cxd4 27. cxd4
Rc8 28. Nbd2 Nc3 29. Re1 Qb4 30. Qd3 Qxa4 31. Re7 Bd5 32. Qf5 Re8 33. Rc7 Rf8
34. Rc8 Qb4 35. Qd7 Rxc8 36. Qxc8+ Kf7 37. Ne5+ Kf6 38. Kh2 1-0

[Event "18PCRE_F"]
[Site "?"]
[Date "2008.??.??"]
[Round "?"]
[White "Kyhos, Alois"]
[Black "Pirhala, Ladislav"]
[Result "0-1"]
[WhiteElo "2121"]
[BlackElo "2176"]
[PlyCount "92"]
[EventDate "2008.??.??"]
[EventType "corr"]

1. e4 c6 2. d4 d5 3. exd5 cxd5 4. Bd3 Nc6 5. c3 Qc7 6. Ne2 e5 7. dxe5 Nxe5 8.
Bb5+ Nc6 9. Qxd5 Nf6 10. Qd3 Bc5 11. Bf4 Qb6 12. O-O O-O 13. a4 Rd8 14. Qc2
Bxf2+ 15. Rxf2 Ng4 16. Nd4 Nxd4 17. cxd4 Nxf2 18. Qxf2 Rxd4 19. Bd2 Be6 20. a5
Qd8 21. a6 bxa6 22. Bxa6 Rb8 23. b4 Bf5 24. Qxf5 Rxd2 25. Nxd2 Qd4+ 26. Kh1
Qxa1+ 27. Bf1 g6 28. Qf4 Rb6 29. Qc7 Rxb4 30. h3 Kg7 31. Kh2 Qd4 32. Bc4 Kh6
33. Qxf7 Qd6+ 34. Kg1 Qxd2 35. Qf8+ Kg5 36. h4+ Kxh4 37. Qe7+ Kg4 38. Qe4+ Kh5
39. Qe5+ Kh6 40. Qh2+ Kg7 41. Qe5+ Kf8 42. Qh8+ Ke7 43. Qe5+ Kd8 44. Qa5+ Kd7
45. Qxa7+ Kd6 46. Qa6+ Ke5 0-1

[Event "18PCRE_F"]
[Site "?"]
[Date "2008.??.??"]
[Round "?"]
[White "Kyhos, Alois"]
[Black "Splichal, Josef"]
[Result "1/2-1/2"]
[WhiteElo "2121"]
[BlackElo "2140"]
[PlyCount "54"]
[EventDate "2008.??.??"]
[EventType "corr"]

1. e4 e5 2. Nf3 Nc6 3. Bb5 Nf6 4. O-O Nxe4 5. d4 Nd6 6. Bxc6 dxc6 7. dxe5 Nf5
8. Qxd8+ Kxd8 9. Nc3 h6 10. h3 Ke8 11. b3 Ne7 12. Bb2 Bf5 13. Nd4 Bh7 14. Nce2
Nd5 15. Rad1 Nb4 16. c4 Rd8 17. Nf4 Rg8 18. a3 Na6 19. g4 Be7 20. Nf5 Nc5 21.
b4 Ne6 22. Nxe6 fxe6 23. Nxe7 Kxe7 24. Bd4 b6 25. f4 Rgf8 26. Kg2 a5 27. bxa5
Bc2 1/2-1/2

[Event "18PCRE_F"]
[Site "?"]
[Date "2008.??.??"]
[Round "?"]
[White "Kyhos, Alois"]
[Black "Struzka, Vlastimil"]
[Result "0-1"]
[WhiteElo "2121"]
[BlackElo "2096"]
[PlyCount "27"]
[EventDate "2008.??.??"]
[EventType "corr"]

1. e4 e5 2. Nf3 Nc6 3. Bb5 a6 4. Ba4 Nf6 5. O-O b5 6. Bb3 Bb7 7. Re1 Bd6 8. d4
O-O 9. c3 h6 10. Nbd2 Re8 11. a3 Ng4 12. Ng5 Qxg5 13. Nf3 Qh5 14. h3 0-1

[Event "18PCRE_F"]
[Site "?"]
[Date "2008.??.??"]
[Round "?"]
[White "Pirhala, Ladislav"]
[Black "Binas, Jindrich"]
[Result "1-0"]
[WhiteElo "2176"]
[BlackElo "2132"]
[PlyCount "63"]
[EventDate "2008.??.??"]
[EventType "corr"]
[WhiteTeam "CZ"]
[BlackTeam "CZ"]

1. e4 c5 2. Nf3 Nc6 3. d4 cxd4 4. Nxd4 Nf6 5. Nc3 e5 6. Ndb5 d6 7. Bg5 a6 8.
Na3 b5 9. Bxf6 gxf6 10. Nd5 f5 11. Bd3 Be6 12. O-O Bxd5 13. exd5 Ne7 14. Nxb5
Bg7 15. Nc3 e4 16. Be2 Qa5 17. Qd2 Bxc3 18. bxc3 Nxd5 19. Bc4 Nb6 20. Bb3 Qe5
21. Rad1 O-O-O 22. Bxf7 Kb7 23. c4 Ka7 24. Qh6 Rd7 25. Bd5 Rc7 26. Rfe1 Rhc8
27. Qe3 Rc5 28. f3 Nxc4 29. Bxc4 f4 30. Qxe4 Qxe4 31. Rxe4 Rxc4 32. Rxd6 1-0

[Event "18PCRE_F"]
[Site "?"]
[Date "2008.??.??"]
[Round "?"]
[White "Pirhala, Ladislav"]
[Black "Bultman, Milan"]
[Result "1/2-1/2"]
[WhiteElo "2176"]
[BlackElo "2193"]
[PlyCount "68"]
[EventDate "2008.??.??"]
[EventType "corr"]

1. e4 c5 2. Nf3 d6 3. d4 cxd4 4. Nxd4 Nf6 5. Nc3 a6 6. Be2 e5 7. Nb3 Be7 8. Qd3
Nc6 9. a3 Be6 10. O-O O-O 11. Be3 d5 12. exd5 Nxd5 13. Nxd5 Qxd5 14. Rad1 Qxd3
15. Bxd3 Rfd8 16. Nc5 Bxc5 17. Bxc5 Rac8 18. Bb6 Rd7 19. Rfe1 f6 20. f4 g6 21.
g3 Kg7 22. Kf2 Re7 23. Bf1 Nd4 24. Bxd4 Rxc2+ 25. Re2 Rxe2+ 26. Bxe2 exd4 27.
Rxd4 Rc7 28. Rd6 Kf7 29. Rb6 Bd5 30. Bf3 Rc2+ 31. Ke3 Bxf3 32. Kxf3 Rxh2 33.
Rxb7+ Kg8 34. a4 a5 1/2-1/2

[Event "18PCRE_F"]
[Site "?"]
[Date "2008.??.??"]
[Round "?"]
[White "Pirhala, Ladislav"]
[Black "Canibal, Jaromir"]
[Result "1/2-1/2"]
[WhiteElo "2176"]
[BlackElo "2236"]
[PlyCount "69"]
[EventDate "2008.??.??"]
[EventType "corr"]
[WhiteTeam "CZ"]
[BlackTeam "CZ"]

1. e4 e5 2. Nf3 Nc6 3. Bb5 a6 4. Ba4 Nf6 5. O-O Be7 6. Re1 b5 7. Bb3 O-O 8. c3
d6 9. d4 h6 10. a4 Bd7 11. Qd3 Re8 12. axb5 axb5 13. Rxa8 Qxa8 14. Na3 Rb8 15.
Nxb5 Rxb5 16. Qxb5 Nxd4 17. Qc4 Nxb3 18. Qxb3 Nxe4 19. Be3 Bc6 20. h3 Nf6 21.
Qd1 Bd5 22. b3 c5 23. c4 Bc6 24. Kh2 Ne4 25. Qc2 Qb7 26. Ra1 f5 27. Bc1 Bf6 28.
Bb2 Kh8 29. Rd1 Be7 30. Ra1 Qb8 31. Kg1 Kg8 32. Nh2 Bh4 33. f3 Bf2+ 34. Kf1 Bg3
35. Kg1 1/2-1/2

[Event "18PCRE_F"]
[Site "?"]
[Date "2008.??.??"]
[Round "?"]
[White "Pirhala, Ladislav"]
[Black "Cvak, Rudolf"]
[Result "1-0"]
[WhiteElo "2176"]
[BlackElo "2264"]
[PlyCount "99"]
[EventDate "2008.??.??"]
[EventType "corr"]

1. e4 c5 2. Nf3 d6 3. d4 cxd4 4. Nxd4 Nf6 5. Nc3 e5 6. Bb5+ Nbd7 7. Nf5 a6 8.
Bxd7+ Qxd7 9. Ne3 Qc6 10. Qd3 Be7 11. O-O O-O 12. Ncd5 Nxd5 13. Nxd5 Bh4 14.
Be3 Be6 15. c4 f5 16. exf5 Bxf5 17. Qd2 Rae8 18. Rac1 Rf7 19. Rfd1 Bg4 20. f3
Bf5 21. Qb4 e4 22. f4 Bg4 23. Rd4 Bf5 24. h3 Bg3 25. Qd2 h5 26. Nb4 h4 27. Rd5
Qc7 28. Nc2 Rf6 29. b3 Qf7 30. Rxd6 Rxd6 31. Qxd6 Qd7 32. Rd1 Qxd6 33. Rxd6 Kf7
34. Kf1 Re7 35. Nd4 Bc8 36. Rd8 Bd7 37. Ke2 Kf6 38. Bd2 Rf7 39. Rb8 g5 40.
fxg5+ Kg6 41. Rg8+ Kh7 42. g6+ Kxg8 43. gxf7+ Kxf7 44. Ke3 Be5 45. Be1 Bf6 46.
Kxe4 Bxd4 47. Kxd4 Bc6 48. g3 hxg3 49. Bxg3 Kg6 50. Kc5 1-0

[Event "18PCRE_F"]
[Site "?"]
[Date "2008.??.??"]
[Round "?"]
[White "Pirhala, Ladislav"]
[Black "Struzka, Vlastimil"]
[Result "1-0"]
[WhiteElo "2176"]
[BlackElo "2096"]
[PlyCount "251"]
[EventDate "2008.??.??"]
[EventType "corr"]
[WhiteTeam "CZ"]

1. e4 e5 2. Nf3 Nc6 3. Bb5 a6 4. Ba4 Nf6 5. O-O Bd6 6. Re1 O-O 7. c3 b5 8. Bb3
Bb7 9. d4 h6 10. Nbd2 Re8 11. Bc2 Rb8 12. h3 Rc8 13. a4 Rb8 14. Bb1 Qc8 15.
axb5 axb5 16. Nb3 Ra8 17. Rxa8 Qxa8 18. dxe5 Nxe5 19. Nxe5 Rxe5 20. Bf4 Re6 21.
e5 Bxg2 22. Bf5 Bh1 23. f3 Bxf3 24. Qd2 Ne4 25. Qe3 Bh1 26. Ra1 Qb7 27. Bxe6
Bc5 28. Nxc5 Nxc5 29. Bxf7+ Kxf7 30. Qg3 Qd5 31. Bxh6 Ne6 32. Rf1+ Kg8 33. h4
Kh8 34. Qg6 Bf3 35. h5 Qa8 36. Kh2 Qe4 37. Qxe4 Bxe4 38. Be3 Kg8 39. Kg3 Bb7
40. Ba7 Bd5 41. Kh4 Bg2 42. Rf2 Bd5 43. Bb8 Bc6 44. Rf1 Kh7 45. Ra1 Kh6 46. Kg4
Bd5 47. Ra7 Bc4 48. Bxc7 Be2+ 49. Kh4 Bxh5 50. Bd6 Be2 51. Rxd7 Kg6 52. Bb8 Kf5
53. Rf7+ Ke4 54. Rf2 Bc4 55. Kg4 Ke3 56. Rh2 Ke4 57. Bd6 Bd3 58. Rg2 Bc4 59.
Rd2 Bf1 60. Bb8 Bc4 61. Rh2 Bd3 62. Bd6 Bc4 63. Rh4 Bd3 64. Kg3+ Ke3 65. Ba3
Bc4 66. Be7 Bd3 67. Bd6 Bc4 68. Bb8 g6 69. Rh6 Bd3 70. Bd6 Be4 71. Be7 Bd3 72.
Rh4 Be2 73. Bd6 Bc4 74. Rh6 Bd3 75. Rh1 Ke4 76. Rh2 Bc4 77. Rh4+ Ke3 78. Ba3 g5
79. Rh2 Ke4 80. Bd6 Bb3 81. Rh6 Bc4 82. Rg6 Kf5 83. Rf6+ Ke4 84. Rh6 Bb3 85.
Rh7 Bc4 86. Rb7 Kf5 87. b3 Bxb3 88. Rxb5 Ba2 89. Rb2 Bc4 90. Rb4 Bd5 91. c4 Be4
92. Kf2 Bc6 93. c5 Bd5 94. Rb8 g4 95. Kg3 Be4 96. Rh8 Bc6 97. Rh6 Nd4 98. Rf6+
Kg5 99. Bf8 Nf5+ 100. Kf2 g3+ 101. Kg1 Bd5 102. c6 Nd4 103. Be7 Kh5 104. c7
Ne2+ 105. Kf1 g2+ 106. Kxe2 g1=Q 107. c8=Q Qg2+ 108. Kd3 Qe4+ 109. Kd2 Qd4+
110. Kc2 Be4+ 111. Kb3 Qd1+ 112. Kb4 Qd4+ 113. Qc4 Qb2+ 114. Ka4 Bc2+ 115. Ka5
Qxe5+ 116. Qc5 Qxc5+ 117. Bxc5 Kg5 118. Rf8 Kg4 119. Kb4 Bf5 120. Kc4 Bd7 121.
Bd6 Kg5 122. Kd5 Bb5 123. Ke6 Kg4 124. Rf4+ Kh3 125. Kf5 Bd3+ 126. Ke5 1-0

[Event "18PCRE_F"]
[Site "?"]
[Date "2008.??.??"]
[Round "?"]
[White "Pirhala, Ladislav"]
[Black "Trs, Jan"]
[Result "1/2-1/2"]
[WhiteElo "2176"]
[BlackElo "2158"]
[PlyCount "74"]
[EventDate "2008.??.??"]
[EventType "corr"]

1. e4 c5 2. Nf3 d6 3. d4 cxd4 4. Nxd4 Nf6 5. Nc3 e6 6. Be2 Be7 7. O-O O-O 8. f4
Nc6 9. Be3 Bd7 10. a3 a6 11. Nb3 b5 12. Bf3 Rb8 13. Qe1 a5 14. Nc1 e5 15. Nd3
exf4 16. Nxf4 Ne5 17. Ncd5 Nxd5 18. Nxd5 Re8 19. Be2 Bg5 20. Bxg5 Qxg5 21. Qxa5
Rbc8 22. Nc3 Rc5 23. Rf2 Qe3 24. Raf1 f6 25. h3 Kh8 26. Kh2 Rf8 27. Bxb5 Qh6
28. Kg1 Bxh3 29. gxh3 Qxh3 30. Nd5 Qg4+ 31. Rg2 Qxe4 32. c4 Qd4+ 33. Kh1 Qh4+
34. Rh2 Qe4+ 35. Rg2 Qh4+ 36. Kg1 Qd4+ 37. Kh2 Qh4+ 1/2-1/2

[Event "18PCRE_F"]
[Site "?"]
[Date "2008.??.??"]
[Round "?"]
[White "Prchly, Milos"]
[Black "Canibal, Jaromir"]
[Result "1/2-1/2"]
[WhiteElo "2263"]
[BlackElo "2236"]
[PlyCount "65"]
[EventDate "2008.??.??"]
[EventType "corr"]

1. d4 Nf6 2. c4 g6 3. Nc3 Bg7 4. e4 d6 5. Be2 O-O 6. Bg5 Na6 7. Qd2 e5 8. Nf3
c6 9. Rd1 exd4 10. Nxd4 Re8 11. f3 Nc5 12. Nc2 Qb6 13. b4 Ne6 14. Be3 Qc7 15.
O-O a5 16. a3 axb4 17. axb4 Qe7 18. f4 Nc7 19. Bb6 Nxe4 20. Nxe4 Qxe4 21. Bxc7
Qxe2 22. Rfe1 Bg4 23. Rxe2 Rxe2 24. Qd3 Rxc2 25. Qxc2 Bxd1 26. Qe4 Bg4 27. h4
Bf8 28. b5 Be6 29. bxc6 bxc6 30. Qxc6 Ra1+ 31. Kh2 Rd1 32. Qe8 Rd4 33. c5
1/2-1/2

[Event "18PCRE_F"]
[Site "?"]
[Date "2008.??.??"]
[Round "?"]
[White "Prchly, Milos"]
[Black "Kyhos, Alois"]
[Result "1/2-1/2"]
[WhiteElo "2263"]
[BlackElo "2121"]
[PlyCount "58"]
[EventDate "2008.??.??"]
[EventType "corr"]

1. d4 Nf6 2. c4 e6 3. Nc3 Bb4 4. e3 O-O 5. Bd3 d5 6. Nf3 c5 7. O-O Nc6 8. a3
Bxc3 9. bxc3 dxc4 10. Bxc4 Qc7 11. Bd3 e5 12. Qc2 Re8 13. Nxe5 Nxe5 14. dxe5
Qxe5 15. f3 Bd7 16. a4 Rad8 17. e4 Bc6 18. Bc4 Rd7 19. Qb3 Red8 20. Be3 b6 21.
Bf2 h6 22. Rfe1 Nh5 23. Bh4 g5 24. Bf2 Nf4 25. Ra2 Kg7 26. Be3 Nd3 27. Rf1 Nf4
28. Re1 Nd3 29. Rf1 Nf4 1/2-1/2

[Event "18PCRE_F"]
[Site "?"]
[Date "2008.??.??"]
[Round "?"]
[White "Prchly, Milos"]
[Black "Ryska, Jiri"]
[Result "1-0"]
[WhiteElo "2260"]
[BlackElo "2073"]
[PlyCount "74"]
[EventDate "2008.??.??"]
[EventType "corr"]

1. d4 Nf6 2. c4 e6 3. Nc3 Bb4 4. e3 O-O 5. Bd3 c5 6. Nf3 d5 7. O-O cxd4 8. exd4
dxc4 9. Bxc4 Nc6 10. a3 Be7 11. Qd3 a6 12. Bg5 b5 13. Ba2 Bb7 14. Rad1 Rc8 15.
Rfe1 Re8 16. Bxf6 Bxf6 17. d5 exd5 18. Rxe8+ Qxe8 19. Nxd5 Ne7 20. Nxf6+ gxf6
21. Nh4 Qf8 22. h3 Re8 23. Qd6 Bc8 24. Qxf6 Qg7 25. Qf3 Ng6 26. Qc6 Kf8 27.
Nxg6+ hxg6 28. Qc5+ Kg8 29. Qg5 Bf5 30. g4 Bc2 31. Rd7 Rf8 32. Qc1 Be4 33. Qf4
Bc2 34. Bd5 g5 35. Qd2 Qxb2 36. Qxg5+ Qg7 37. Qf4 Bg6 1-0

[Event "18PCRE_F"]
[Site "?"]
[Date "2008.??.??"]
[Round "?"]
[White "Prchly, Milos"]
[Black "Splichal, Josef"]
[Result "1-0"]
[WhiteElo "2263"]
[BlackElo "2140"]
[PlyCount "95"]
[EventDate "2008.??.??"]
[EventType "corr"]

1. d4 Nf6 2. c4 e6 3. Nc3 Bb4 4. e3 O-O 5. Bd3 d5 6. Nf3 dxc4 7. Bxc4 b6 8. O-O
Bb7 9. a3 Bxc3 10. bxc3 c5 11. Re1 Qc7 12. Bd3 Be4 13. Bf1 Nc6 14. Nd2 Bg6 15.
Bb2 Rfd8 16. Rc1 e5 17. Qf3 h6 18. Qg3 a6 19. h3 Ra7 20. a4 Qb8 21. Nf3 Re8 22.
dxe5 Nxe5 23. Nxe5 Ne4 24. Qh2 Qxe5 25. Qxe5 Rxe5 26. Rcd1 Re8 27. f3 Ng3 28.
Bc4 Bc2 29. Rd6 Rb8 30. a5 b5 31. Bd5 Nf5 32. Rb6 Rd8 33. e4 Ne7 34. c4 b4 35.
Kf2 Nxd5 36. cxd5 Rc8 37. Rc1 b3 38. Ke3 h5 39. g4 c4 40. Kd4 hxg4 41. hxg4
Raa8 42. e5 Bd3 43. d6 Kf8 44. Re1 Ra7 45. Bc3 Kg8 46. f4 g6 47. Rh1 Rd8 48.
Rh2 1-0

[Event "18PCRE_F"]
[Site "?"]
[Date "2008.??.??"]
[Round "?"]
[White "Ryska, Jiri"]
[Black "Bultman, Milan"]
[Result "0-1"]
[WhiteElo "2073"]
[BlackElo "2193"]
[PlyCount "140"]
[EventDate "2008.??.??"]
[EventType "corr"]

1. e4 c5 2. Nf3 d6 3. c3 Nf6 4. Bb5+ Bd7 5. Bxd7+ Qxd7 6. d3 Nc6 7. O-O g6 8.
h3 Bg7 9. Re1 O-O 10. Bf4 b5 11. Qd2 b4 12. Bh6 Rab8 13. Bxg7 Kxg7 14. Qe3 Rfc8
15. Nbd2 bxc3 16. bxc3 Qd8 17. a3 Rb2 18. Nc4 Rb3 19. Rab1 Rcb8 20. Rxb3 Rxb3
21. Qc1 d5 22. Ncd2 Rb7 23. exd5 Qxd5 24. Qc2 Qd7 25. Nc4 Nd5 26. d4 cxd4 27.
cxd4 f6 28. Ncd2 Rc7 29. Qd3 Nd8 30. Ne4 Ne6 31. g3 Qc6 32. Ned2 Kf7 33. Kh2 a5
34. Kh1 a4 35. Kg1 Nc3 36. Kg2 Qd5 37. h4 Nb5 38. Rb1 Nbxd4 39. Rb4 f5 40. Kh2
Nxf3+ 41. Nxf3 Qxd3 42. Ne5+ Kf6 43. Nxd3 Rc3 44. Nb2 Rxa3 45. Nxa4 Ra2 46. Kg1
Kf7 47. f4 Ng7 48. Nc5 Nh5 49. Rb3 Nf6 50. Kf1 Rc2 51. Nd3 Ne4 52. Nb4 Rd2 53.
Nc6 Kg7 54. Re3 Kh6 55. Ne5 Rf2+ 56. Kg1 Rc2 57. Kf1 Kh5 58. Kg1 Nd2 59. Rd3
Nc4 60. Nf7 Re2 61. Kf1 Ra2 62. Ke1 Nd6 63. Ne5 Ne4 64. Kf1 Nf6 65. Kg1 Ng4 66.
Nc6 Ra6 67. Rc3 Ne3 68. Rxe3 Rxc6 69. Rxe7 Kg4 70. Kf2 Rc2+ 0-1